The blinded eye : (Record no. 130318)

MARC details
000 -LEADER
fixed length control field 00697nam a22002297a 4500
005 - DATE AND TIME OF LATEST TRANSACTION
control field 20170124110110.0
010 ## - LIBRARY OF CONGRESS CONTROL NUMBER
LC control number A-818632
020 ## - INTERNATIONAL STANDARD BOOK NUMBER
Terms of availability 00.00
International Standard Book Number 8185569061
035 ## - SYSTEM CONTROL NUMBER
System control number A-818632
037 ## - SOURCE OF ACQUISITION
Source of stock number/acquisition Cen Lib/Ret
040 ## - CATALOGING SOURCE
Original cataloging agency DPL
Language of cataloging EN
082 ## - DEWEY DECIMAL CLASSIFICATION NUMBER
Classification number 910.45
Item number BLI
245 ## - TITLE STATEMENT
Title The blinded eye :
Statement of responsibility, etc by Ziauddin Sardar...[et al.].
Remainder of title 500 years of Christopher Columbus /
260 ## - PUBLICATION, DISTRIBUTION, ETC. (IMPRINT)
Place of publication, distribution, etc Goa
Name of publisher, distributor, etc Other India Press
Date of publication, distribution, etc 1993
270 ## - ADDRESS
City Goa
Address Mapusa
Postal code 403507
300 ## - PHYSICAL DESCRIPTION
Extent 92p.
Dimensions 20cm(Hb)
500 ## - GENERAL NOTE
General note Includes bibliographical references<br/>
650 ## - SUBJECT ADDED ENTRY--TOPICAL TERM
Topical term or geographic name as entry element Columbus, Christopher
9 (RLIN) 28893
650 ## - SUBJECT ADDED ENTRY--TOPICAL TERM
Topical term or geographic name as entry element Exploration
9 (RLIN) 28894
700 ## - ADDED ENTRY--PERSONAL NAME
Personal name Sardar, Ziauddin
9 (RLIN) 28895
942 ## - ADDED ENTRY ELEMENTS (KOHA)
Source of classification or shelving scheme Dewey Decimal Classification
Koha item type English Books
Classification part 910.45
Call number suffix BLI
Holdings
Withdrawn status Lost status Damaged status Not for loan Home library Current library Date acquired Source of acquisition Cost, normal purchase price Total Checkouts Full call number Barcode Date last seen Date checked out Copy number Cost, replacement price Price effective from Koha item type Public note
Written off       Central Library Central Library 09/07/2015 Cen Lib/Ret 0.00 1 910.45 BLI A-818632 05/07/2018 20/06/2018 1 0.00 09/07/2015 English Books Written off on approval by DLB (By Circulation); dtd 15-06-2023

© Delhi Public Library
Hit Counter
free hit counter